| 000 | 00810nam a22002177a 4500 | ||
|---|---|---|---|
| 999 |
_c9497 _d9497 |
||
| 003 | AR-CdUCM | ||
| 008 | 190312b ||||| |||| 00| 0 spa d | ||
| 040 |
_aMUNICIPALIDAD PROVINCIAL DEL CUSCO _cBIBLIOTECA MUNICIPAL DEL CUSCO |
||
| 082 |
_aC / 985.04 / _bV78 |
||
| 100 |
_aVizcarra, Julio A _916673 |
||
| 245 |
_aDos apuntes sobre historia : _bLa religión en el antiguo Perú, La emancipación peruana / |
||
| 260 |
_aCuzco : _bGarcilaso, _c1964. |
||
| 300 |
_a123 paginas ; _c23 cm. |
||
| 500 | _aDonación de la familia Nieto. | ||
| 505 | _aContenido :Dos apuntes sobre historia -- La religión es el antiguo Perú -- La emancipación peruana .. | ||
| 650 |
_aLiteratura peruana _9169 |
||
| 650 |
_aHistoria cusqueña _95374 |
||
| 650 |
_aHistoria del Perú _9259 |
||
| 942 |
_2ddc _cLIBROS |
||
| 945 | _awfj | ||